000 01163cam a2200265 4500
001 agr66000286
003 DLC
005 20260227111025.0
008 690925s1966 dcua 000 0 eng c
010 _aagr66000286
040 _aU.S. Nal'l Agr. Libr.
_cDLC
_dDLC
050 0 0 _aSB608.F8
_bN39
070 0 _a1 Ag84Ah no. 306
100 1 _aNewcomer, E. J.
_q(Erval Jackson),
_d1890-
245 1 0 _aInsect pests of deciduous fruits in the West,
_cby E. J. Newcomer.
260 _a[Washington]
_bAgricultural Research Service, U.S. Dept. of Agriculture
_c[1966]
300 _a57 p.
_billus.
_c23 cm.
490 1 _aUnited States. Dept. of Agriculture. Agriculture handbook ;
_vno. 306
500 _a"Contains information formerly published in Circular no. 270, Orchard insects of the Pacific Northwest and their control."
650 0 _aFruit
_xDiseases and pests
_zWest (U.S.)
650 3 _aFruit pests
_zWestern States.
650 3 _aFruit diseases
_zWestern States.
700 1 _aNewcomer, Erval Jackson,
_d1890-
_tOrchard insects of the Pacific Northwest and their control.
830 0 _aAgriculture handbook (United States. Department of Agriculture) ;
_vno. 306.
999 _c12111
_d12111